[Event "3rd Memorial Hulak 2018"]
[Site "Zagreb"]
[Date "2018.12.05"]
[Round "6.9"]
[White "Jurkovic, Ante"]
[Black "Enchev, Ivajlo"]
[Result "1/2-1/2"]
[WhiteElo "2282"]
[BlackElo "2491"]
[Annotator "ChessBase"]
[PlyCount "144"]
[EventDate "2018.11.26"]
[EventCountry "CRO"]
[SourceTitle "playchess.com"]
[Source "ChessBase"]
[SourceQuality "1"]

1. e4 e5 2. Bc4 Nc6 3. Nf3 Bc5 4. O-O d6 5. c3 Nf6 6. d4 Bb6 7. dxe5 Nxe5 8. Nxe5 dxe5 9. Qxd8+ Kxd8 10. Nd2 Ke7 11. Nf3 Nd7 12. a4 a5 13. b3 f6 14. Ra2 Bc5 15. Rd2 Nb6 16. Bd3 Be6 17. Bc2 Nd7 18. Ne1 Rhb8 19. Nd3 Bd6 20. c4 Nc5 21. Nb2 Ra6 22. Re2 Bf7 23. Nd1 Ne6 24. Ne3 Bc5 25. Bb2 c6 26. Nf5+ Kf8 27. Rd2 g6 28. Nh6 Be8 29. g3 Nd4 30. Kg2 Nxc2 31. Rxc2 Rd8 32. f4 Kg7 33. Ng4 h5 34. Nf2 exf4 35. Nh3 Bd4 36. Nxf4 c5 37. Nd5 Bxb2 38. Rxb2 Re6 39. Rbf2 Rdd6 40. h4 Bc6 41. Rf4 f5 42. exf5 Re2+ 43. Kg1 Bxd5 44. cxd5 Re3 45. R4f3 Rxf3 46. Rxf3 Rxd5 47. fxg6 Kxg6 48. Kg2 Rd4 49. Kf2 Rb4 50. Ke2 c4 51. bxc4 Rxa4 52. Rc3 Kf5 53. Kf3 Ke5 54. Re3+ Kd4 55. Re4+ Kd3 56. g4 hxg4+ 57. Rxg4 Ra1 58. c5 Rf1+ 59. Kg2 Rf5 60. Rg7 Rxc5 61. Rxb7 Kc3 62. Ra7 Kb4 63. Rb7+ Ka3 64. Kg3 a4 65. Kg4 Rc4+ 66. Kg5 Rb4 67. Ra7 Kb2 68. h5 a3 69. h6 Rb5+ 70. Kg6 Rb6+ 71. Kg7 Rxh6 72. Kxh6 a2 1/2-1/2

[Event "3rd Memorial Hulak 2018"]
[Site "Zagreb"]
[Date "2018.12.05"]
[Round "6.10"]
[White "Medic, Mirjana"]
[Black "Livaic, Leon"]
[Result "1/2-1/2"]
[WhiteElo "2202"]
[BlackElo "2474"]
[Annotator "TA"]
[PlyCount "103"]
[EventDate "2018.11.26"]
[EventCountry "CRO"]
[SourceTitle "playchess.com"]
[Source "ChessBase"]
[SourceQuality "1"]

{[%evp 22,103,-15,-18,0,0,0,0,-11,-33,-6,-16,14,0,16,21,10,25,50,43,130,147,178,174,169,174,161,161,161,162,198,213,225,222,370,347,404,391,467,308,308,308,308,304,297,184,345,243,381,379,350,243,252,243,243,243,285,275,451,322,329,328,314,306,470,466,1707,1515,1240,164,153,75,146,146,129,118,119,91,156,84,144,84,84,84]} 1. d4 Nf6 2. c4 g6 3. Nf3 Bg7 4. g3 O-O 5. Bg2 d6 6. O-O Nc6 7. Nc3 e5 8. d5 Nb8 {[%cal Bc6b8,Bb8a6,Ba6c5][%mdl 32]} 9. h3 {E62: King's Indian: Fianchetto: 6...c6 and Panno Variation (6...Nc6) without ...a6} (9. e4 a5 10. Ne1 Na6 11. Bg5 h6 12. Be3 Ng4 13. Bd2 f5 14. Nd3 b6 15. f3 Nf6 16. Be3 Nc5 17. Nxc5 bxc5 {0-1 (26) Ivanchuk,V (2714)-Amin,B (2709) Zagreb 2018}) 9... a5 10. e4 Na6 11. Ne1 Nd7 12. Be3 {LiveBook: 5 Games} Nac5 13. Rb1 $146 ({Predecessor:} 13. Nd3 Nxd3 14. Qxd3 b6 15. f4 exf4 16. gxf4 f5 17. Rae1 {0-1 (59) Swinkels,R (2486)-Moehn,H (2368) Germany 2017}) 13... f5 14. exf5 gxf5 15. f4 exf4 16. gxf4 Nb6 17. Bd4 a4 18. b4 axb3 $1 19. axb3 {[%cal Ba2b3,Bb3b4][%mdl 32]} Qe7 20. Rf3 $36 {[%mdl 2048] White has some pressure.} Bd7 (20... Bxd4+ $14 21. Qxd4 Qf6 22. Qxf6 Rxf6) 21. Rg3 $16 Rf6 22. Bxf6 Qxf6 23. b4 Nca4 24. Nxa4 Nxa4 25. Rc1 Kh8 26. Kh2 Bh6 27. Qd2 Nb6 (27... Qe5 {was called for.} 28. Nd3 (28. fxe5 Bxd2 29. Rd1 Bf4 $16) 28... Qf6) 28. Nf3 $18 Nc8 {[%cal Bb6c8,Bc8e7,Be7g6][%mdl 32]} 29. Ng5 Bg7 30. Ne6 Bxe6 31. dxe6 Ne7 32. Bxb7 Rb8 33. Bf3 {Threatens to win with Bd5.} Qxe6 $2 (33... Qd4 34. Qxd4 Bxd4) 34. Re1 Qf7 (34... Qf6 $142 35. b5 Ng6) 35. Bd5 Qf8 36. Reg1 Ng6 37. b5 Qf6 38. Re1 Bh6 39. Re6 Qg7 $2 (39... Qh4 40. Qd4+ Bg7) 40. Rf3 Rf8 41. Kh1 Qa1+ 42. Qe1 Qd4 (42... Qxe1+ $142 43. Rxe1 Bg7) 43. Re8 Kg7 (43... Bg7 $142 44. Qe6 Qd1+ 45. Kg2 Qd2+ 46. Kg3 Rxe8 47. Qxe8+ Bf8) 44. Rxf8 Kxf8 45. Ra3 $2 (45. Qe6 {[%csl Gd5][%cal Re6f7]} Qa1+ 46. Kh2 Bxf4+ 47. Rxf4 $1 {[%mdl 512]} Qb2+ 48. Kg1 Qc1+ 49. Rf1 Qg5+ 50. Kh2 Qd2+ 51. Kh1) 45... Bxf4 46. Ra8+ Kg7 47. Qa1 $1 {[%cal Ra1d4]} Qxa1+ 48. Rxa1 {Strongly threatening Ra7.} Be3 49. Kg2 Kf6 {[#]} (49... h5 $142) 50. Kf3 ({White should play} 50. Kg3 $1) 50... Bb6 {[#]} (50... Bd4 $142 51. Rd1 Bb6) 51. Ra8 (51. Kg3 $142 $1) 51... h5 $16 52. Re8 {Accuracy: White = 76%, Black = 30%.} 1/2-1/2

[Event "3rd Memorial Hulak 2018"]
[Site "Zagreb"]
[Date "2018.12.05"]
[Round "6.11"]
[White "Tica, Sven"]
[Black "Blagojevic, Marijan"]
[Result "1/2-1/2"]
[WhiteElo "2439"]
[BlackElo "2199"]
[Annotator "TA"]
[PlyCount "93"]
[EventDate "2018.11.26"]
[EventCountry "CRO"]
[SourceTitle "playchess.com"]
[Source "ChessBase"]
[SourceQuality "1"]

{[%evp 23,93,16,17,14,12,0,21,8,25,6,52,46,46,43,43,47,42,41,50,56,54,50,60,54,57,41,39,35,35,35,47,36,49,14,15,0,0,0,0,-15,-25,-26,0,0,0,0,0,-5,0,0,0,-116,-113,-120,-85,-82,-83,-88,-83,-83,-89,-82,-85,-95,-84,-75,0,0,0,-97,0,0]} 1. c4 Nf6 2. g3 g6 3. d4 Bg7 4. Bg2 O-O 5. Nc3 d6 6. Nf3 Nbd7 7. O-O e5 8. e3 Re8 9. b3 exd4 10. Nxd4 Nc5 11. Bb2 c6 {E67: King's Indian: Fianchetto: 6...Nbd7} 12. Qc2 Qe7 {LiveBook: 4 Games} (12... a5 13. a3 h5 14. h3 Bd7 15. b4 {1-0 (31) Karjakin,S (2782)-Mamedyarov,S (2808) Stavanger 2018}) 13. Rad1 Bg4 14. Rd2 Rad8 15. h3 Bc8 16. Rfd1 (16. Re1 {is more complex.} h5 17. h4 Nce4 18. Bxe4 Nxe4 19. Nxe4 Qxe4 20. Qxe4 Rxe4 21. Nf3) 16... Nfe4 (16... a5 {with more complications.} 17. e4 h5 18. h4 Ng4 19. Re2 Ne5) 17. Nxe4 Nxe4 18. Qxe4 Qxe4 19. Bxe4 Rxe4 20. Kg2 $146 Ree8 21. Ne2 Bxb2 22. Rxb2 Kf8 23. Rbd2 Ke7 24. Nc3 Be6 25. e4 a6 26. a4 b6 27. g4 {[%cal Bg3g4,Bg4g5][%mdl 32]} f5 28. g5 Rf8 29. f3 fxe4 30. fxe4 {[#]} Bxh3+ $1 {[%mdl 512]} 31. Kg3 (31. Kxh3 Rf3+) 31... Be6 32. Ne2 Bg8 33. Nf4 Bf7 34. Rh2 Bg8 35. Rhd2 Bf7 36. Rh2 Bg8 37. Rd3 {[#]} (37. Rhd2 $11) 37... Kd7 $1 $17 38. e5 Ke7 39. exd6+ Rxd6 40. Re2+ Kd7 $1 41. Rde3 Kc7 42. Re8 Rxe8 43. Rxe8 Rd8 44. Re7+ Rd7 (44... Kd6 $17 45. Rg7 Kc5) 45. Re8 $1 $11 {[%cal Re8g8]} Rd8 ({Black should play} 45... Rg7 $11) 46. Re7+ $17 Rd7 (46... Kd6 $17 47. Re3 b5 48. axb5 axb5 49. Rd3+ Kc7 50. Rxd8 Kxd8 51. cxb5 cxb5) 47. Re8 $1 {Accuracy: White = 67%, Black = 63%.} 1/2-1/2

[Event "3rd Memorial Hulak 2018"]
[Site "Zagreb"]
[Date "2018.12.05"]
[Round "6.12"]
[White "Dragojevic, Miodrag"]
[Black "Rogulj, Branko"]
[Result "0-1"]
[WhiteElo "2202"]
[BlackElo "2409"]
[Annotator "ChessBase"]
[PlyCount "96"]
[EventDate "2018.11.26"]
[EventCountry "CRO"]
[SourceTitle "playchess.com"]
[Source "ChessBase"]
[SourceQuality "1"]

1. b4 e5 2. Bb2 Bxb4 3. Bxe5 Nf6 4. c4 O-O 5. a3 Ba5 6. Nf3 d5 7. e3 c5 8. cxd5 Nxd5 9. Qc2 Nc6 10. Bb2 b6 11. Nc3 Bb7 12. Bd3 h6 13. O-O Rc8 14. Bf5 Rc7 15. Rfd1 Nd4 16. exd4 cxd4 17. Qb3 dxc3 18. dxc3 Qf6 19. c4 Nc3 20. Bg4 Qf4 21. Bxc3 Bxc3 22. Rac1 Bf6 23. h3 Rc5 24. Ne1 Rg5 25. Bf3 Bxf3 26. Qxf3 Qxf3 27. Nxf3 Ra5 28. Rd3 Rc8 29. g3 Bb2 30. Rc2 Bxa3 31. Nd2 Bb4 32. Ne4 Re5 33. f3 f5 34. Nf2 a5 35. Rd7 Rec5 36. Rb7 Rxc4 37. Re2 Rc1+ 38. Kg2 R1c2 39. Kf1 Rc1+ 40. Kg2 R8c2 41. Rb8+ Kh7 42. Rbe8 Rxe2 43. Rxe2 Rc3 44. g4 fxg4 45. hxg4 a4 46. Ne4 Rb3 47. Rc2 a3 48. Rc7 a2 0-1

[Event "3rd Memorial Hulak 2018"]
[Site "Zagreb"]
[Date "2018.12.06"]
[Round "7.1"]
[White "Martinovic, Sasa"]
[Black "Srbis, Jurica"]
[Result "1-0"]
[WhiteElo "2554"]
[BlackElo "2415"]
[Annotator "TA"]
[PlyCount "37"]
[EventDate "2018.11.26"]
[EventCountry "CRO"]
[SourceTitle "playchess.com"]
[Source "ChessBase"]
[SourceQuality "1"]

{[%evp 12,37,45,52,64,46,145,144,419,396,400,402,400,322,733,717,769,740,1046,1030,962,887,889,890,873,878,1417,1396]} 1. d4 d6 2. Nf3 g6 3. g3 Bg7 4. Bg2 c5 5. O-O cxd4 6. Nxd4 {A41: 1 d4 d6: Tartakower System and Modern Defence} Qb6 7. Be3 {LiveBook: 4 Games} Qxb2 (7... Qa5 8. Qd2 Qxd2 9. Nxd2 a6 10. c4 Nf6 11. h3 e5 12. N4b3 Nc6 {½-½ (42) Agdestein,S (2628)-Caruana,F (2791) Stavanger 2014}) 8. Nd2 {[%cal Bb1d2,Bd2e4,Be4d6][%mdl 32] Black must now prevent Rb1.White is slightly better.} Bxd4 $146 ({Black should try} 8... Qc3 $1 $14) ({Predecessor:} 8... Qc3 9. Rb1 a6 10. Bxb7 Bxb7 11. Rxb7 Nf6 12. N2f3 Nbd7 {½-½ (29) Manolache,M (2507)-Moldovan,D (2450) Bucharest 2006}) 9. Rb1 $16 {[#]} Qxa2 $2 {[%mdl 8192]} (9... Qxb1 $3 $16 {is a better defense.} 10. Qxb1 Bxe3) 10. Bxd4 $18 e5 11. Ne4 Qe6 12. Bc3 Nc6 $2 (12... d5) 13. Nxd6+ {White is clearly winning.} Kf8 14. f4 f6 15. fxe5 Nxe5 16. Bd5 Qxd6 17. Bb4 Qxb4 18. Rxb4 Ne7 19. Bxb7 1-0

[Event "3rd Memorial Hulak 2018"]
[Site "Zagreb"]
[Date "2018.12.06"]
[Round "7.2"]
[White "Nikolov, Momchil"]
[Black "Kotronias, Vasilios"]
[Result "1/2-1/2"]
[WhiteElo "2567"]
[BlackElo "2482"]
[Annotator "TA"]
[PlyCount "55"]
[EventDate "2018.11.26"]
[EventCountry "CRO"]
[SourceTitle "playchess.com"]
[Source "ChessBase"]
[SourceQuality "1"]

{[%evp 9,55,21,29,39,22,0,0,0,0,0,0,-3,13,0,27,27,33,21,45,42,58,31,33,33,55,52,89,89,97,88,94,74,89,74,74,74,74,74,74,74,74,74,74,66,74,74,74,74]} 1. d4 Nf6 2. c4 e5 3. dxe5 Ng4 4. Nc3 Nxe5 (4... Nc6 5. e3 Ngxe5 6. a3 a5 7. f4 Ng6 8. Bd3 Bc5 9. Qh5 d6 10. Nf3 a4 11. Bd2 O-O 12. Ne4 {0-1 (39) Kramnik,V (2799)-Mamedyarov,S (2760) Nice 2008}) 5. b3 Bb4 6. Bb2 {A52: Budapest Gambit} O-O $146 ({Predecessor:} 6... Qf6 7. Rc1 d6 8. a3 Bxc3+ 9. Bxc3 Nbc6 10. e3 Qg6 11. Nf3 Bg4 12. Nxe5 Nxe5 {0-1 (64) Schneider,A (1716)-Mueller,U (2060) Saarlouis 1998}) 7. g3 (7. e3 {keeps more tension.} d6 8. Nf3 Qf6 9. Rc1 Qg6 10. h4) 7... a5 8. a3 {The position is equal.} Bxc3+ 9. Bxc3 d6 10. Bg2 Nbc6 11. Nf3 a4 12. Nxe5 dxe5 13. b4 Be6 14. Qxd8 Rfxd8 15. Bxc6 bxc6 16. Bxe5 Bxc4 {[#] aiming for ...Re8.} 17. Bxc7 Re8 18. e3 Ra7 19. Bb6 Rd7 20. Rd1 Rxd1+ 21. Kxd1 $16 {[%mdl 4096] Endgame KRB-KRB} Bd5 22. Rg1 Bf3+ 23. Kd2 Rb8 24. Bd4 f5 25. Rc1 g5 26. h4 g4 27. Rc4 Bd5 28. Rc5 {Accuracy: White = 61%, Black = 82%.} 1/2-1/2

[Event "3rd Memorial Hulak 2018"]
[Site "Zagreb"]
[Date "2018.12.06"]
[Round "7.3"]
[White "Tomazini, Zan"]
[Black "Cvitan, Ognjen"]
[Result "1-0"]
[WhiteElo "2437"]
[BlackElo "2503"]
[Annotator "TA"]
[PlyCount "93"]
[EventDate "2018.11.26"]
[EventCountry "CRO"]
[SourceTitle "playchess.com"]
[Source "ChessBase"]
[SourceQuality "1"]

{[%evp 16,93,35,-17,16,26,32,20,25,25,32,35,65,45,48,33,37,42,54,25,24,24,33,31,32,-8,0,0,25,27,25,6,6,7,20,10,42,38,45,38,129,122,106,59,68,56,62,50,112,110,111,95,93,113,221,210,278,264,288,282,280,264,264,266,221,223,439,426,400,374,455,449,457,437,608,322,608,600,593,593]} 1. e4 c5 2. Nf3 d6 3. Bb5+ Bd7 4. c4 Nf6 5. Nc3 g6 6. d4 {B52: Sicilian: Moscow Variation with 3...Bd7} cxd4 7. Nxd4 Bg7 8. Be3 (8. O-O O-O 9. f3 Bxb5 10. cxb5 a6 11. Be3 axb5 12. Ndxb5 {½-½ (35) Karjakin,S (2773)-Duda,J (2737) chess.com INT 2018}) 8... O-O 9. h3 {LiveBook: 7 Games} (9. Bxd7 $14 Nbxd7 10. O-O) 9... a6 10. Bxd7 Qxd7 11. O-O Nc6 12. Rc1 $146 ({Predecessor:} 12. a4 e6 13. Rc1 Rfd8 14. Nde2 Qc7 15. Nf4 Qa5 16. Bd2 Qb6 17. Nd3 d5 18. exd5 exd5 19. c5 {½-½ (54) Lenic,L (2653)-Popovic,D (2519) Bol 2014}) 12... Rac8 13. b3 e6 14. Qf3 Qc7 15. Rfd1 Ne5 16. Qe2 Rfe8 17. Nf3 Nxf3+ 18. Qxf3 Nd7 19. Qg3 Be5 20. Qh4 Qa5 21. Bd2 Qd8 (21... Qc5 {seems wilder.} 22. Qh6 Nf6 23. Be3 Qc6 24. f3 b5) 22. Qxd8 Rexd8 23. Bg5 f6 24. Be3 Kf7 25. Nb1 g5 26. g3 $1 Rg8 27. Kh2 Rg6 {[#]} (27... Ke7 $14) 28. c5 $1 $16 {[%mdl 512]} f5 (28... dxc5 29. Rxd7+) 29. cxd6 Rxc1 30. Bxc1 f4 31. Nd2 fxg3+ (31... Bc3 $1 $14) 32. fxg3 Rg8 33. Nf3 Bf6 34. Be3 g4 {[#]} (34... e5 $16 {was called for.}) 35. hxg4 $1 $18 Rxg4 {[#]} 36. e5 $1 {[%cal Re5f6][%mdl 512]} Re4 (36... Nxe5 37. Nxe5+) 37. Bf4 Re2+ 38. Kh3 Rf2 39. Rd3 ({Weaker is} 39. exf6 Rxf3 40. Rc1 Nxf6 $16) 39... Bd8 40. Rc3 Nb6 $2 (40... Ke8 41. Kg4 Rf1) 41. Ng5+ Bxg5 42. Bxg5 {Strongly threatening Rc7+. KRB-KRN} Nd7 43. Rc7 Ke8 44. Bf4 Re2 45. Rc8+ Kf7 46. Rh8 Kg6 47. Rd8 {Precision: White = 74%, Black = 45%.} 1-0

[Event "3rd Memorial Hulak 2018"]
[Site "Zagreb"]
[Date "2018.12.06"]
[Round "7.4"]
[White "Plenca, Jadranko"]
[Black "Ivekovic, Bozidar"]
[Result "1-0"]
[WhiteElo "2475"]
[BlackElo "2406"]
[Annotator "ChessBase"]
[PlyCount "77"]
[EventDate "2018.11.26"]
[EventCountry "CRO"]
[SourceTitle "playchess.com"]
[Source "ChessBase"]
[SourceQuality "1"]

1. e4 e5 2. Nf3 Nc6 3. d4 exd4 4. Nxd4 Bb4+ 5. c3 Bc5 6. Be3 Bb6 7. Nf5 g6 8. Bxb6 axb6 9. Ne3 Nf6 10. f3 O-O 11. c4 Re8 12. Nc3 d6 13. g3 Nh5 14. Qd2 f5 15. exf5 Bxf5 16. O-O-O Bd7 17. f4 Nb4 18. a3 Na6 19. Bd3 Nc5 20. Bc2 Bc6 21. Rhf1 Nf6 22. Ned5 Nxd5 23. Nxd5 Ba4 24. Rde1 Bxc2 25. Qxc2 Kf7 26. Rxe8 Qxe8 27. Nxc7 Qe3+ 28. Kb1 Ne4 29. Rd1 Rc8 30. Nb5 Rc6 31. Rd4 Nf6 32. Nxd6+ Kg7 33. Nb5 Re6 34. Ka2 Qg1 35. Rd1 Qc5 36. Qc3 Kh6 37. Nd4 Re7 38. g4 Nxg4 39. Qh3+ 1-0

[Event "3rd Memorial Hulak 2018"]
[Site "Zagreb"]
[Date "2018.12.06"]
[Round "7.10"]
[White "Kozul, Zdenko"]
[Black "Muskardin, Mario"]
[Result "1-0"]
[WhiteElo "2601"]
[BlackElo "2280"]
[Annotator "TA"]
[PlyCount "49"]
[EventDate "2018.11.26"]
[EventCountry "CRO"]
[SourceTitle "playchess.com"]
[Source "ChessBase"]
[SourceQuality "1"]

{[%evp 19,49,52,68,48,55,56,62,46,50,50,79,62,210,214,385,226,376,366,519,377,358,306,314,330,307,303,340,340,374,370,368,363]} 1. d4 Nf6 2. c4 e6 3. g3 Bb4+ 4. Bd2 Qe7 5. Bg2 Nc6 6. e3 O-O {E00: Catalan Bogo-Indian (3 g3 Bb4+)} 7. Ne2 Bxd2+ (7... d5 8. O-O dxc4 9. Qc2 Bd6 10. Qxc4 e5 11. d5 Nb8 12. Nbc3 a6 13. a4 Re8 14. e4 {0-1 (64) Socko,B (2593)-Wang,Y (2690) Riadh 2017}) 8. Qxd2 d6 9. Nbc3 e5 10. O-O a5 {LiveBook: 3 Games} 11. h3 $146 ({Predecessor:} 11. Nd5 Qd8 12. Rac1 Nb8 13. Rfd1 c6 14. Ndc3 Nbd7 15. h3 {1-0 (42) Volodin,A (2489)-Gazis,E (2199) Malevizi 2016}) 11... h5 12. Nd5 Qd8 13. f4 exd4 $1 14. Nxd4 Re8 15. Nb5 Ne4 (15... Nxd5 $14 16. cxd5 Nb8) 16. Qe1 $18 Nb4 $2 {[#]} (16... Re7 17. Nxe7+ Qxe7) 17. Nbxc7 (17. Ndxc7 $142 Nc2 18. Qb1 Nxe3 19. Bxe4 (19. Nxa8 Nxg3 20. Re1 Nxg2 $15) 19... Nxf1 20. Bh7+ (20. Nxa8 Nxg3 21. Bh7+ Kh8 $11) 20... Kh8 21. Qxf1 (21. Nxa8 Nxg3 22. Qd3 Ne2+ 23. Kh1 Nxf4 $17) 21... Kxh7 22. Nxa8) 17... Bf5 (17... Nxd5 $142 18. Nxe8 (18. Nxa8 Ndf6 $17) (18. Nxd5 Nf6 $16) 18... Nb4) 18. Nxe8 Nc2 (18... Nxd5 $142 19. Nxg7 Kxg7 20. cxd5 Qe7) 19. Bxe4 Bxe4 20. Nef6+ gxf6 21. Qc3 Bxd5 22. Qxc2 ({Not} 22. cxd5 Nxa1 23. Rxa1 Qd7 $16) 22... Rc8 23. b3 Qe7 24. Qe2 Bc6 25. Rad1 {Precision: White = 68%, Black = 10%.} 1-0

[Event "3rd Memorial Hulak 2018"]
[Site "Zagreb"]
[Date "2018.12.06"]
[Round "7.11"]
[White "Enchev, Ivajlo"]
[Black "Lalic, Kristijan"]
[Result "1-0"]
[WhiteElo "2491"]
[BlackElo "2203"]
[Annotator "TA"]
[PlyCount "65"]
[EventDate "2018.11.26"]
[EventCountry "CRO"]
[SourceTitle "playchess.com"]
[Source "ChessBase"]
[SourceQuality "1"]

{[%evp 25,65,39,44,43,82,49,109,43,83,83,92,79,68,60,75,69,126,134,190,209,190,143,184,208,152,178,399,403,397,372,517,467,489,517,517,517,517,517,491,500,507,500]} 1. Nf3 Nf6 2. c4 d6 3. d4 {[%cal Bd2d4,Bd4d5][%mdl 32]} g6 4. Nc3 Bg7 5. e4 O-O 6. Be2 e5 7. O-O Nc6 8. d5 Ne7 9. b4 a5 10. Ba3 Nd7 11. bxa5 {E97: King's Indian: Classical Main Line (6...e5 7 0-0 Nc6): 8 Be3 and 8 d5 Ne7, not 9 Ne1} Rxa5 12. Bb4 Ra6 (12... Ra8 13. a4 Bh6 14. a5 f5 15. Bd3 Kh8 16. Re1 Nf6 17. c5 fxe4 18. cxd6 cxd6 19. Nxe4 Nxe4 20. Bxe4 Bf5 21. Rb1 Qd7 22. h3 Rac8 23. Qb3 {½-½ (90) Kramnik,V (2790)-Carlsen,M (2813) Nice 2010}) 13. a4 {[%cal Ba2a4,Ba4a5][%mdl 32]} f5 {LiveBook: 8 Games} 14. a5 Nc5 15. Nd2 g5 $146 (15... b6 $14) ({Predecessor:} 15... b6 16. axb6 Rxa1 17. Qxa1 cxb6 18. Rb1 fxe4 19. Bxc5 bxc5 20. Ndxe4 {1-0 (47) Veingold,A (2425)-Kiltti,J (2235) Vantaa 1996}) 16. Nb3 (16. Bxc5 $16 dxc5 17. exf5) 16... b6 17. axb6 Rxa1 18. Nxa1 {[%cal Bb3a1,Ba1c2,Bc2e3][%mdl 32]} cxb6 19. exf5 Bxf5 20. Nc2 Ng6 (20... Bg6 $14) 21. Ne3 $16 Bc8 {[#]} (21... e4 $16) 22. Bxc5 $1 $18 bxc5 23. Bg4 Bxg4 24. Qxg4 Nf4 {[#]} 25. Ne4 $1 Bf6 $2 (25... h5 {was worth a try.} 26. Qd1 (26. Qxg5 Qxg5 27. Nxg5 Ne2+ 28. Kh1 Bh6 $11) 26... g4) 26. g3 h5 27. Qd1 g4 {intending ...Nh3+.} 28. gxf4 {White is clearly winning.} exf4 29. Nxg4 Bg7 30. Kh1 Qe7 {[#]} 31. Ngf6+ $1 {[%mdl 576] Discovered Attack} Bxf6 (31... Rxf6 32. Nxf6+) 32. Rg1+ Bg7 33. Ng5 {Accuracy: White = 74%, Black = 25%.} 1-0

[Event "3rd Memorial Hulak 2018"]
[Site "Zagreb"]
[Date "2018.12.07"]
[Round "8.1"]
[White "Plenca, Jadranko"]
[Black "Martinovic, Sasa"]
[Result "1/2-1/2"]
[WhiteElo "2475"]
[BlackElo "2554"]
[Annotator "TA"]
[PlyCount "49"]
[EventDate "2018.11.26"]
[EventCountry "CRO"]
[SourceTitle "playchess.com"]
[Source "ChessBase"]
[SourceQuality "1"]

{[%evp 23,49,21,15,10,10,10,10,14,14,20,15,10,30,0,0,0,0,0,0,0,0,0,0,0,0,0,0,0]} 1. e4 c5 2. Nf3 e6 3. d4 cxd4 4. Nxd4 Nc6 5. Nc3 Qc7 6. Be3 a6 7. Qd2 Nf6 8. f4 {B48: Sicilian: Taimanov: 5 Nc3 Qc7 6 Be3 a6 without Be2} Bb4 9. Bd3 Na5 10. a3 Bxc3 11. Qxc3 Qxc3+ 12. bxc3 d5 {LiveBook: 69 Games} 13. e5 Ne4 14. Nb3 Nc4 15. Bxc4 dxc4 {[#]} 16. Na5 $146 Bd7 17. Bd4 Rc8 18. O-O-O (18. Nxb7 {looks sharper.} Ba4 19. Kd1 Bc6 20. Na5 Bd5 21. Re1) 18... b6 {The position is equal.} 19. Rhe1 bxa5 20. Rxe4 Bc6 21. Re2 Bd5 22. f5 Kd7 23. fxe6+ fxe6 24. Rf2 Rhf8 25. Rdf1 {Accuracy: White = 84%, Black = 100%.} 1/2-1/2

[Event "3rd Memorial Hulak 2018"]
[Site "Zagreb"]
[Date "2018.12.07"]
[Round "8.2"]
[White "Srbis, Jurica"]
[Black "Tomazini, Zan"]
[Result "1-0"]
[WhiteElo "2415"]
[BlackElo "2437"]
[Annotator "TA"]
[PlyCount "85"]
[EventDate "2018.11.26"]
[EventCountry "CRO"]
[SourceTitle "playchess.com"]
[Source "ChessBase"]
[SourceQuality "1"]

{[%evp 11,85,39,59,40,75,37,54,44,42,56,47,56,73,53,39,43,61,45,62,35,73,67,57,68,60,60,55,31,36,27,31,17,42,20,38,18,56,61,121,101,92,41,46,39,127,125,131,130,215,218,198,201,195,203,319,299,368,367,294,279,276,294,272,271,263,260,733,727,815,784,681,621,617,609,597,585]} 1. d4 Nf6 2. Nf3 g6 3. g3 b5 4. Bg2 Bb7 5. O-O Bg7 6. Qd3 {A49: 1 d4 Nf6 2 Nf3 g6 3 g3: Anti-King's Indian systems} a6 {LiveBook: 3 Games} 7. a4 Be4 (7... b4 8. a5 O-O 9. Qc4 Nc6 10. d5 Na7 11. Nd4 d6 12. Nd2 Qd7 13. N2b3 Rfc8 {0-1 (46) Steingrimsson,H (2572)-Gajewski,G (2615) Reykjavik 2017}) 8. Qd2 $146 {White is better.} ({Predecessor:} 8. Qd1) 8... Nc6 9. Nc3 b4 10. Nxe4 Nxe4 11. Qd3 d5 12. c4 {Black must now prevent cxd5.} bxc3 $1 13. bxc3 O-O 14. Rb1 Na5 15. Ne5 f6 16. Nc6 Nxc6 17. Bxe4 Na5 18. Bf3 f5 19. Bf4 e6 20. h4 Qd7 21. Rb4 Kh8 22. Rfb1 Rfd8 23. h5 Bf6 24. Qe3 $36 {[%mdl 2048] White has good play.} Qe7 (24... Kg7 $14) 25. hxg6 $16 hxg6 26. Kg2 (26. c4 $16) 26... Kg7 $14 27. Be5 Kf7 (27... Rac8 $1 $14) 28. Bxf6 Qxf6 {[#]} 29. c4 $1 c6 (29... Nxc4 $16 {might work better.} 30. Rxc4 dxc4) 30. cxd5 $18 cxd5 {[#]} 31. Rb6 $1 Ra7 32. Qh6 Qh8 (32... Qxd4 $142 33. Rxe6 Kxe6 34. Rb6+ (34. Qxg6+ Kd7 $15) 34... Ke7 35. Qh7+ (35. Qxg6 Nc4 $11) (35. Rxg6 Ke8 $16) 35... Kf8 36. Qxa7 Nc4 37. Rxa6 {[%mdl 64] Discovered Attack} Qxa7 38. Rxa7 Ke8) 33. Qf4 Nc4 34. Rb7+ Rd7 35. Rxa7 Rxa7 36. Rb8 Qg7 {intending ...g5.} 37. Qh4 g5 38. Qh5+ Ke7 $2 (38... Kf6 39. Rh8 Rf7) 39. Qe8+ {White is clearly winning.} Kd6 40. Rc8 {[%csl Ge8][%cal Rc8c6]} Rc7 41. Ra8 Na5 42. Qd8+ Qd7 43. Qxg5 {Accuracy: White = 66%, Black = 47%.} 1-0

[Event "3rd Memorial Hulak 2018"]
[Site "Zagreb"]
[Date "2018.12.07"]
[Round "8.3"]
[White "Nikolov, Momchil"]
[Black "Sulava, Nenad"]
[Result "1-0"]
[WhiteElo "2567"]
[BlackElo "2425"]
[Annotator "RC"]
[PlyCount "69"]
[EventDate "2018.11.26"]
[EventCountry "CRO"]
[SourceTitle "playchess.com"]
[Source "ChessBase"]
[SourceQuality "1"]

1. d4 d5 2. Nf3 Nf6 3. c4 e6 4. Nc3 dxc4 5. e4 Bb4 6. Bg5 b5 7. a4 c5 8. axb5 cxd4 9. Qa4 Bc5 10. e5 dxc3 11. exf6 gxf6 12. Bh4 cxb2 13. Rd1 Nd7 14. Bxc4 Bb7 15. O-O Rg8 16. Qb3 Qb6 17. Be2 Rg4 18. Qxb2 O-O-O 19. Bg3 Bd5 20. Ne1 Rd4 21. Nd3 e5 22. Nxc5 Rxd1 23. Rxd1 Nxc5 24. Rc1 Kb8 25. h3 Ne6 26. Bf1 Bb7 27. Qb1 Rg8 28. Kh2 Rg6 29. Bd3 Rh6 30. Bxh7 Nd4 31. Bd3 Qe6 32. Be4 f5 33. Qb4 Bxe4 34. Qxd4 Kb7 35. Bxe5 1-0